| 000 | 00645nam a2200193 i 4500 | ||
|---|---|---|---|
| 001 | 190227 | ||
| 003 | ES-MaACL | ||
| 005 | 20250603164557.0 | ||
| 008 | 200917s1870 sp |||| | spa d | ||
| 080 | _a94(460)"1868/74" | ||
| 245 | 0 | 3 | _aEl prusiano no es España. |
| 260 |
_aMadrid : _b[s.n.], _c1870 ( _fImp. de T. Fortanet) |
||
| 300 |
_a30 p. ; _c20 cm. |
||
| 530 | _aDisponible en formato digital. | ||
| 651 | 4 |
_aEspaña- _xHistoria- _y1868-1874, Sexenio revolucionario _98260 |
|
| 852 | 4 |
_aES-MaACL _jT-115-F-9 |
|
| 856 | 4 |
_uhttp://bdh-rd.bne.es/viewer.vm?id=0000261726&page=1 _zBiblioteca Digital Hispánica |
|
| 999 |
_c190227 _d190227 |
||